00429nmm a2200133Ia 4500008004100000020001800041041000800059100003700067245004100104264005500145300001800200650002600218856005100244251105s9999||||xx |||||||||||||||||und|| a9789560107817 aspa aHernández Montecinos, Héctor 0aOIIII: arquitectura de la Mentalidad a[Santiago de Chile, Chile] :bRil editores, c2020 a518 páginas aLatin American poetry uhttps://public.digitaliapublishing.com/a/65562